| 000 | 00633nam a2200193 i 4500 | ||
|---|---|---|---|
| 001 | 94766 | ||
| 003 | ES-MaACL | ||
| 007 | t| | ||
| 008 | 050516s2002 sp ||||1| spa d | ||
| 100 | 1 |
_aMilosz, O.V. de L. _981298 |
|
| 245 | 1 | 0 |
_aPoemas _b: Las siete soledades. Sinfonías. Adramandoni. Confesión de Lemuel / _cOscar Wladislas de Lubicz-Milosz; traducción y prólogo de Augusto d'Halmar. |
| 260 |
_aMadrid : _b[s.n.], _c1922 ( _fImp. Maroto) |
||
| 300 |
_a110 p. ; _c20 cm. |
||
| 490 | 1 | _aAuriga | |
| 700 | 1 |
_aHalmar, Augusto d'. _961613 |
|
| 830 | 0 |
_aAuriga _9232159 |
|
| 852 |
_aES-MaACL _jG-3517 |
||
| 999 |
_c94766 _d94766 |
||